Varieties of dramatic structure : a study of theory and practice /

Bibliographic Details
Main Author: Murray, Edward, 1928-
Format: Book
Language:English
Published: Lanham, Md. : University Press of America, [1990]
Subjects:

MARC

Tag First Indicator Second Indicator Subfields
LEADER 00000cam a2200000 a 4500
001 in00001009421
005 20151222091121.0
008 900227s1990 mdu b 00110 eng
010 |a  90012170  
020 |a 0819177857 (alk. paper) 
020 |a 0819177865 (pbk. : alk. paper) 
035 |a (OCoLC)21230097 
035 |9 AFD6475AM 
040 |a DLC  |c DLC  |d TXA  |d UtOrBLW 
049 |a TXAM 
050 0 0 |a PN1661  |b .M85 1990 
082 0 0 |a 809.2  |2 20 
100 1 |a Murray, Edward,  |d 1928- 
245 1 0 |a Varieties of dramatic structure :  |b a study of theory and practice /  |c Edward Murray. 
264 1 |a Lanham, Md. :  |b University Press of America,  |c [1990] 
264 4 |c ©1990 
300 |a xiii, 143 pages ;  |c 23 cm. 
336 |a text  |b txt  |2 rdacontent 
337 |a unmediated  |b n  |2 rdamedia 
338 |a volume  |b nc  |2 rdacarrier 
504 |a Includes bibliographical references (pages 129-135). 
650 0 |a Drama  |x History and criticism. 
650 0 |a Drama  |x Technique. 
650 0 |a Tragedy  |x History and criticism. 
650 0 |a Tragedy  |x Technique. 
999 |a MARS 
999 f f |s 5cb74750-6001-3ce2-b2c0-221f9e3ba667  |i eaf23bda-2930-3e9c-8d25-32a887c75077  |t 0 
952 f f |p ric  |a Texas A&M University  |b Rellis Campus  |c Joint Library Facility  |d Remote Storage  |t 0  |e PN1661 .M85 1990  |h Library of Congress classification  |i unmediated -- volume  |m A14814389803 
998 f f |a PN1661 .M85 1990  |t 0  |l Remote Storage